000 00716cam a22002533a 4500
001 1667
003 PGUSA
005 20140828083005.0
008 990301s1999||||xxu|||||s|||||000 1 eng d
040 _aPGUSA
_beng
042 _adc
050 4 _aPR
100 1 _aScott, Walter,
_d1771-1832
245 1 0 _aMy Aunt Margaret's Mirror
_h[electronic resource] /
_cWalter Scott
260 _bProject Gutenberg,
_c1999
500 _aWaverley novel
506 _aPublic domain in the USA.
516 _aElectronic text
653 _aMagic -- Fiction
653 _aScotland -- Social life and customs -- Fiction
830 0 _aProject Gutenberg
_v1667
856 4 0 _uhttp://www.gutenberg.org/ebooks/1667
942 _cEB
999 _c231013
_d231013